000 00428nam a22001817a 4500
003 MPLRDC
005 20220104165301.0
008 210129b ||||| |||| 00| 0 eng d
020 _a0-7131-0040-0
082 _a524.967 REY 1979
100 _aH.E REYNOLDS
245 _aESSENTIALS OF MODERN MATHS
_c
250 _a重印
260 _a
_bEDWARD ARNOLD
_c1979
300 _b
650 _a
942 _cBK
_o524.967 REY 1979
999 _c57389
_d57379